| 000 | 00874nam a22002535a 4500 | ||
|---|---|---|---|
| 005 | 20201128021453.0 | ||
| 008 | 150804t2014 nyua frb 001 0 eng d | ||
| 020 | _a1259080765 | ||
| 020 | _a9781259080760 | ||
| 040 |
_aEG-ScBUE _beng _cEG-ScBUE |
||
| 082 | 0 | 4 |
_222 _a658.15 _bBLA |
| 100 | 1 |
_aBlank, Leland T. _92135 |
|
| 245 | 1 | 0 |
_aBasics of engineering economy / _cLaland Blank, Anthony Tarquin. |
| 250 | _a2nd ed. McGraw-Hill international ed. | ||
| 260 |
_aNew York : _bMcGraw-Hill Companies, _cc.2014. |
||
| 300 |
_axiii, 476 p. : _bill. ; _c25 cm. |
||
| 500 | _aThis international student edition is for use outside the U.S. | ||
| 500 | _aIndex : p. 465-476. | ||
| 504 | _aIncludes bibliographical references. | ||
| 650 | 0 |
_2BUEsh _92136 _aEngineering economy. |
|
| 653 |
_bENGGEN _cAugust2015 _cJanuary2016 |
||
| 700 | 1 |
_aTarquin, Anthony J. _92140 |
|
| 942 | _2ddc | ||
| 999 |
_c20461 _d20433 |
||